| 000 | 01454nam a2200397 a 4500 | ||
|---|---|---|---|
| 999 |
_c206207 _d206207 |
||
| 003 | BLK | ||
| 005 | 20250517161520.0 | ||
| 008 | 180411b bul|||||r ||||||| ||bul|| | ||
| 010 | _aKNG00215956000 | ||
| 020 | _a978-954-655-817-6 | ||
| 040 | _aBLK | ||
| 041 |
_aBUL _cBUL |
||
| 072 |
_9178275 _aН83 _xЧужда художествена литература Н |
||
| 080 |
_aАнглийска литература _b821.111 _x-31 _z821.111-31 |
||
| 100 | 1 |
_aДжеймс, Е. Л. _eпърви автор _9324309 |
|
| 139 |
_aДжеймс, Е. Л. _bД 50 |
||
| 245 | 1 | 0 |
_aПо-тъмен _cЕ. Л. Джеймс ; прев. Цветана Генчева. _bроман |
| 257 | _aGBR | ||
| 260 |
_c2018 _9209457 _aСофия _bБард _fСофия : Алианс принт |
||
| 300 |
_a544 с. _c21 см |
||
| 380 | _aX | ||
| 500 | _aОриг. загл. Darker / E. L. James. - Е. Л. Джеймс - псевд. на Erika Leonard. | ||
| 659 | 7 |
_9178160 _aН _xНови книги |
|
| 700 |
_91311 _aТотоманов, Иван _eред. |
||
| 765 |
_aDarker _cJames, E. L. |
||
| 852 | _aЦб 292695 | ||
| 856 | 4 | _qpdf | |
| 856 | 4 | _qpdf | |
| 942 |
_cKNG _n0 _046 |
||
| 944 |
_aCR _c11.02.2018 _k30542 _lРусанова Ирена |
||
| 944 |
_aED _c20.02.2018 _kВиолета_Тройчева |
||
| 944 |
_aED _c2018-12-18 _kКристиан Велковски |
||
| 999 | _d206207 | ||
| 999 | _d206207 | ||
| 999 | _d206207 | ||